Gender differences in delinquency in early, middle, and late adolescence: An exploration of parent and friend relationships

Guardado en:  
Detalles Bibliográficos
Autor principal: Worthen, Meredith (Autor)
Tipo de documento: Electrónico Artículo
Lenguaje:Inglés
Publicado: 2012
En: Deviant behavior
Año: 2012, Volumen: 33, Número: 4, Páginas: 282-307
Acceso en línea: Volltext (lizenzpflichtig)
Verificar disponibilidad: HBZ Gateway

MARC

LEADER 00000caa a22000002c 4500
001 1912565129
003 DE-627
005 20250122055002.0
007 cr uuu---uuuuu
008 241217s2012 xx |||||o 00| ||eng c
024 7 |a 10.1080/01639625.2011.573421  |2 doi 
035 |a (DE-627)1912565129 
035 |a (DE-599)KXP1912565129 
040 |a DE-627  |b ger  |c DE-627  |e rda 
041 |a eng 
084 |a 2,1  |2 ssgn 
100 1 |a Worthen, Meredith  |e VerfasserIn  |4 aut 
245 1 0 |a Gender differences in delinquency in early, middle, and late adolescence: An exploration of parent and friend relationships 
264 1 |c 2012 
336 |a Text  |b txt  |2 rdacontent 
337 |a Computermedien  |b c  |2 rdamedia 
338 |a Online-Ressource  |b cr  |2 rdacarrier 
773 0 8 |i Enthalten in  |t Deviant behavior  |d London [u.a.] : Taylor & Francis, 1979  |g 33(2012), 4, Seite 282-307  |h Online-Ressource  |w (DE-627)300590067  |w (DE-600)1482541-7  |w (DE-576)088704483  |x 1521-0456  |7 nnas 
773 1 8 |g volume:33  |g year:2012  |g number:4  |g pages:282-307 
787 0 8 |i Forschungsdaten  |a Giordano, Peggy C.  |t Toledo Adolescent Relationships Study (TARS): Wave 1, 2001  |d [Erscheinungsort nicht ermittelbar] : [Verlag nicht ermittelbar], 2008  |w (DE-627)1840050055 
856 4 0 |u https://doi.org/10.1080/01639625.2011.573421  |x Resolving-System  |z lizenzpflichtig  |3 Volltext  |7 1 
935 |a mkri 
951 |a AR 
ELC |a 1 
LOK |0 000 xxxxxcx a22 zn 4500 
LOK |0 001 4637530628 
LOK |0 003 DE-627 
LOK |0 004 1912565129 
LOK |0 005 20241217044515 
LOK |0 008 241217||||||||||||||||ger||||||| 
LOK |0 035   |a (DE-2619)ICPSR120364 
LOK |0 040   |a DE-2619  |c DE-627  |d DE-2619 
LOK |0 092   |o n 
LOK |0 852   |a DE-2619 
LOK |0 852 1  |9 00 
LOK |0 935   |a nacp 
LOK |0 939   |a 17-12-24  |b l01 
ORI |a SA-MARC-krimdoka001.raw